| 000 | 00609nam a2200193 u 4500 | ||
|---|---|---|---|
| 005 | 20230323063554.0 | ||
| 008 | 080205s2006 mx r 000 0 spa d | ||
| 020 | _a9687943742 | ||
| 035 | _aUPN01000154032 | ||
| 049 | _aCG | ||
| 050 | 4 |
_aBR115 C3 _bF4.2 |
|
| 100 | 1 | _aFerraro, José | |
| 245 | 1 | 3 |
_aEl capitalismo en la doctrina social de la iglesia : _b¿bien común o propiedad privada? / _cJosé Ferraro. |
| 260 |
_aMéxico : _bItaca, _c2006. |
||
| 300 | _a222 p. | ||
| 650 | 4 |
_aCAPITALISMO - _xASPECTOS RELIGIOSOS - _xIGLESIA CATOLICA _912040 |
|
| 650 | 2 |
_aSociología cristiana _96351 |
|
| 905 | _aLibro | ||
| 999 |
_c126149 _d126149 |
||